Slovákov nakupovanie v Poľsku stále láka

V Poľsku aj v súčasnosti existujú výrobky, za ktorými sa Slovákom oplatí vycestovať. Dôvodom nižších cien sú nižšie dane. Čo kupujú Slováci. Najväčšiu dynamiku zaznamenal v Poľsku predaj odevov a obuvi s medziročným nárastom o 17,1 percenta.

Gespeichert in:
Bibliographische Detailangaben
1. Verfasser: Grandtnerová, Lenka
Format: Buchkapitel
Sprache:Slowakisch
Schlagworte:
Tags: Tag hinzufügen
Keine Tags, Fügen Sie das erste Tag hinzu!

MARC

LEADER 00000naa a2200000 4500
001 0143764
005 20231208065144.7
041 0 |a slo 
044 |a SK 
245 1 0 |a Slovákov nakupovanie v Poľsku stále láka  |c Lenka Grandtnerová 
520 |a V Poľsku aj v súčasnosti existujú výrobky, za ktorými sa Slovákom oplatí vycestovať. Dôvodom nižších cien sú nižšie dane. Čo kupujú Slováci. Najväčšiu dynamiku zaznamenal v Poľsku predaj odevov a obuvi s medziročným nárastom o 17,1 percenta. 
610 2 0 |a Poľsko 
610 2 0 |a predaj 
610 2 0 |a zákazníci 
610 2 0 |a Slovensko 
100 1 |a Grandtnerová, Lenka